Tablas de equivalencias en sistemas de amortización (Registro nro. 4711)

Detalles MARC
000 -LEADER
fixed length control field 01524 a2200193 4500
001 - CONTROL NUMBER
control field 48774
005 - DATE AND TIME OF LATEST TRANSACTION
control field 20260407155753.0
008 - FIXED-LENGTH DATA ELEMENTS--GENERAL INFORMATION
fixed length control field 260407a1980 arg spa d
003 - CONTROL NUMBER IDENTIFIER
control field AR-UNSa-BCEJYS
040 ## - CATALOGING SOURCE
Original cataloging agency AR-UNSa-BCEJYS
Language of cataloging spa
Transcribing agency AR-UNSa-BCEJYS
080 ## - UNIVERSAL DECIMAL CLASSIFICATION NUMBER
Universal Decimal Classification number 51-7
Common auxiliary subdivision Estudios y métodos matemáticos en otros campos del conocimiento. Matemáticas científicas. Matemáticas actuariales (Matemáticas Financieras)
100 1# - MAIN ENTRY--PERSONAL NAME
Personal name Groll, Simon A.
245 10 - TITLE STATEMENT
Title Tablas de equivalencias en sistemas de amortización
264 #1 - PRODUCTION, PUBLICATION, DISTRIBUTION, MANUFACTURE, AND COPYRIGHT NOTICE
Place of production, publication, distribution, manufacture Buenos Aires :
Name of producer, publisher, distributor, manufacturer Ediciones Macchi
Date of production, publication, distribution, manufacture, or copyright notice 1980
300 ## - PHYSICAL DESCRIPTION
Extent 242 p.
Dimensions 22 cm.
505 ## - FORMATTED CONTENTS NOTE
Formatted contents note Tabla I: Cuotas de pago, tasas mensuales, nominales y efectivas anuales de interés equivalentes, en operaciones de préstamos calculadas mediante tasas directas mensuales, del 0,10% al 10%, variando los valores intermedios con intervalos de 0,10% y plazos de pago de: 1 a 25, 30, 36, 40, 48, 50, 60, 70, 72, 80, 84, 90, 96, 100, 108, 120, 144, 180, 200, 220, y 240 períodos.<br/>Tabla II: Cuotas de pago, tasas directas mensuales, tasas mensuales y efectivas anuales de interés equivalentes, en operaciones de préstamos calculadas mediante el sistema francés de amortización, para tasas nominales anuales de interés con capitalización mensual, del 0,50% al 120% variando los valores intermedios con intervalos del 0,50% y plazos de pago de: 1 a 25, 30, 36, 40, 48, 50, 60, 70, 72, 80, 84, 90, 96, 100, 108, 120, 144, 180, 200, 220, y 240 períodos.
590 ## - LOCAL NOTE (RLIN)
Local note niveau_biblio:m niveau_hierar:0
942 ## - ADDED ENTRY ELEMENTS (KOHA)
Koha item type
Existencias
Withdrawn status Lost status Damaged status Not for loan Home library Current library Shelving location Date acquired Total checkouts Full call number Barcode Date last seen Price effective from Koha item type
        Biblioteca Prof. Eusebio Cleto del Rey Biblioteca Prof. Eusebio Cleto del Rey   07/04/2026   51-7 G875t L35850 07/04/2026 07/04/2026 Libro
        Biblioteca Prof. Eusebio Cleto del Rey Biblioteca Prof. Eusebio Cleto del Rey   07/04/2026   51-7 G875t L35851 07/04/2026 07/04/2026 Libro